01005nam a2200325Ia 4500001000700000008004100007020001800048035001600066041001000082084001300092245007400105260002800179300002200207490001200229650001000241650002900251650003500280650004400315650003400359650003100393700004400424901000600468903000700474904000800481953003700489999001700526910000900543942001500552952011200567020562221003s2001 xx 000 0 spa d a84-277-1362-2 aCENDO_12328 aspab aCD-05719 0aPolíticas de género en la Unión EuropeaMariagrazia Rossilli ed. aMadrid :bNarcea,c2001 a277 p. ;c 22 cm aMujeres aCE98 aPOLITICA COMUNITARIA973 0aIGUALDAD DE OPORTUNIDADES9590 aDISCRIMINACION POR RAZONES DE SEXO9201 0aIGUALDAD DE REMUNERACION9402 0aMOVIMIENTO FEMINISTA94309 aROSSILLI, Mariagrazia,eed. lit.912254 a0 aNO a000 d2005-03-14yMONOGRAFIAoCD-05719 c12327d12327 a2001 cMONOGRAFIA 00104070aCENDObCENDOd2005-03-14l0oCD-05719pCENDO_12328r2022-10-05 00:00:00w2022-10-05yMONOGRAFIA